Jugadores y sus goles en su selección - Estadísticas

Estadísticas generales
  • Esta prueba ha sido intentada 261 veces
  • La puntuación promedio es 4 de 20
Estadísticas de respuestas
Hint Respuesta % Correcto
Cristano Ronaldo 128
72%
Haaland 27
29%
Messi 106
28%
Pelé 77
27%
Higuita (POR) 3
22%
David Villa 59
21%
Neymar 79
21%
Bale 41
20%
Zlatan Ibrahimovic 62
20%
Maldini 7
20%
Chicharito 52
17%
Lukaku 83
17%
Hazard 33
16%
Bonucci 8
16%
Chhetri 109
14%
Klose 71
14%
Zidane 31
12%
Foden 1
10%
Forlan 36
10%
Maradona 32
3%
No se encontraron pruebas coincidentes
Distribución de puntuación
Porcentaje de gente con cada puntuación
Porcentaje por número respondido
Historial de tus puntuaciones
No has intentado esta prueba.